Ramón Natera : (Registro nro. 7703)

Detalles MARC
000 -LIDER
fixed length control field 01223nam a2200301 a 4500
001 - NÚMERO DE CONTROL
Identificador de número de control 000017759
003 - IDENTIFICACDOR DE NÚMERO DE CONTROL
control field DO-SdBNP
005 - DATE AND TIME OF LATEST TRANSACTION
control field 20240304101917.0
007 - CAMPOS FIJOS DE DESCRIPCIÓN FÍSICA
fixed length control field 000017759
008 - ELEMENTOS DE LONGITUD FIJA
fixed length control field 100331s2003 dr a 000 0 spa d
020 ## - ISBN
International Standard Book Number 9945406027
040 ## - FUENTE DE CATALOGACIÓN
Agencia que crea de manera original el registro BPMSU
Idioma de catalogación spa
Agencia que realiza la transcripción BPMSU
082 #4 - NÚMERO DE CLASIFICACIÓN DECIMAL DE DEWEY
Classification number 923.57293
Item number N273C 2003
Edition number 22
100 1# - ASIENTO PRINCIPAL -- NOMBRE PERSONAL
Nombre personal Cassá, Roberto,
Fechas asociadas con el nombre 1948-
245 10 - MENCIÓN DE TITULO
Título Ramón Natera :
Subtítulo el señor del monte /
Mención de responsabilidad Roberto Cassá ; ilustraciones Ramiro Manzano.
260 ## - PUBLICACIÓN, DISTRIBUCIÓN, ETC. (PIE DE IMPRENTA)
Lugar de publicación, distribución, etc Santo Domingo :
Nombre del editor, distribuidor, etc. Tobogan,
Fecha de publicación, distribución, etc 2003.
300 ## - DESCRIPCIÓN FÍSICA
Extensión 78 p. :
Otros detalles físicos il. ;
Dimensiones 21 cm.
490 0# - MENCIÓN DE SERIES
Mención de serie Biografías dominicanas Tobogán,
504 ## - NOTA DE BIBLIOGRAFÍA, ETC.
Bibliography, etc Incluye bibliografía (p. 77-78).
505 0# - NOTA DE CONTENIDO
Texto normalizado de contenido El contexto del caudillo -- Configuración del "gavillerismo" -- Epicentro en el Este -- Orígenes de Natera -- Intervención militar -- La campaña de Vicente Evangelista -- La saga del rebelde -- La recomposición de la jefatura -- la inssurgencia estancada -- Acoso, redición y asesinato.
590 ## - NOTA LOCAL
Texto de la nota local Inventariado, 2024/VM
600 14 - ENCABEZAMIENTO DE MATERIA--NOMBRE PERSONAL
Nombre personal Natera, Ramón
650 #4 - ENCABEZAMIENTO DE MATERIA--TEMÁTICO
Término temático o nombre geográfico como elemento de entrada República Dominicana
Subdivisión temática general Biografías
650 #4 - ENCABEZAMIENTO DE MATERIA--TEMÁTICO
Término temático o nombre geográfico como elemento de entrada República Dominicana
Subdivisión temática general Historia
700 1# - ASIENTO SECUNDARIO -- NOMBRE PERSONAL
Nombre personal Manzano, Ramiro,
Mención de responsabilidad il.
910 ## - VALIDACIÓN
Validación VMateo V. Control de calidad. BPMSU
942 ## - ADDED ENTRY ELEMENTS (KOHA)
Source of classification or shelving scheme Dewey Decimal Classification
Koha item type Libros
Existencias
Withdrawn status Lost status Source of classification or shelving scheme Damaged status Not for loan Collection code Home library Current library Date acquired Total Checkouts Full call number Barcode Date last seen Price effective from Koha item type Source of acquisition Copy number
    Dewey Decimal Classification     Colección Dominicana Biblioteca Pública Metropolitana Salomé Ureña Biblioteca Pública Metropolitana Salomé Ureña 04/27/2015   BPMSU CD 923.57293 N273C 2003 BPMSU15040444 04/27/2015 04/27/2015 Libros    
    Dewey Decimal Classification     Colección Dominicana Biblioteca Pública Metropolitana Salomé Ureña Biblioteca Pública Metropolitana Salomé Ureña 04/27/2015   BPMSU CD 923.57293 N273C 2003 BPMSU15040445 04/27/2015 04/27/2015 Libros Donación e.2
    Dewey Decimal Classification     Colección Dominicana Biblioteca Pública Metropolitana Salomé Ureña Biblioteca Pública Metropolitana Salomé Ureña 04/27/2015   BPMSU CD 923.57293 N273C 2003 BPMSU15040446 04/27/2015 04/27/2015 Libros Donación e.3